Qantas Routes - Statistics

General Stats
  • This quiz has been taken 55 times
  • The average score is 29 of 35
Answers on the Map
Answers color-coded by a green-red scale on the quiz's map according to % correct below.
 
Answer Stats
Answer % Correct
Auckland
100%
London
100%
Los Angeles
100%
Melbourne
100%
Paris
100%
Perth
100%
Tokyo
100%
New York
98%
Singapore
98%
Sydney
98%
Wellington
98%
San Francisco
96%
Dallas
93%
Hong Kong
93%
Manila
93%
Santiago
93%
Vancouver
93%
Adelaide
91%
Brisbane
91%
Darwin
89%
Cairns
87%
Hobart
87%
Canberra
84%
Christchurch
84%
Johannesburg
84%
Port Moresby
80%
Gold Coast
78%
Townsville
64%
Launceston
58%
Queenstown
56%
Apia
51%
Nadi
49%
Port Vila
47%
Mackay
38%
Palau
38%
No matching quizzes found
Score Distribution
Percent of People with Each Score
Percentile by Number Answered
Your Score History
You have not taken this quiz